Perspectives in business ethics / (Record no. 347468)
[ view plain ]
| 000 -LEADER | |
|---|---|
| fixed length control field | 01415 a2200169 4500 |
| 020 ## - INTERNATIONAL STANDARD BOOK NUMBER | |
| International Standard Book Number | 0071238263 (paperback) |
| 020 ## - INTERNATIONAL STANDARD BOOK NUMBER | |
| International Standard Book Number | 9780071238267 (paperback) |
| 090 ## - LOCALLY ASSIGNED LC-TYPE CALL NUMBER (OCLC); LOCAL CALL NUMBER (RLIN) | |
| -- | 5043 |
| -- | 5043 |
| 100 1# - MAIN ENTRY--PERSONAL NAME | |
| Personal name | Hartman, Laura B.Pincus. |
| 245 10 - TITLE STATEMENT | |
| Title | Perspectives in business ethics / |
| Statement of responsibility, etc. | Laura B.Pincus Hartman. |
| 250 ## - EDITION STATEMENT | |
| Edition statement | 3rd ed. |
| 260 ## - PUBLICATION, DISTRIBUTION, ETC. | |
| Place of publication, distribution, etc. | [S.l.] : |
| Name of publisher, distributor, etc. | McGraw Hill Higher Education, |
| Date of publication, distribution, etc. | 2004. |
| 300 ## - PHYSICAL DESCRIPTION | |
| Extent | 608 p. ; |
| Dimensions | 24 cm. |
| 520 ## - SUMMARY, ETC. | |
| Summary, etc. | Laura Hartman's "Perspectives in Business Ethics" offers a foundation in ethical thought, followed by a variety of perspectives on difficult ethical dilemmas in both the personal and professional context. This anthology encourages the reader to "critically evaluate each perspective using his or her own personal ethical theory base." Instructors who favor an interactive, discussion-oriented approach to the ethics course will appreciate the different perspectives offered by the Hartman text. This book incorporates the traditional text with definitions and explanations, and combines it with short and long cases, reprints of both traditional and innovative articles, and nontraditional materials such as song lyrics, excerpts from classical literature, and short stories. This text focuses on involving as many views as possible in ethical situations or decisions. |
| 856 40 - ELECTRONIC LOCATION AND ACCESS | |
| Materials specified | Amazon.com |
| Uniform Resource Identifier | <a href="http://www.amazon.com/exec/obidos/ASIN/0071238263/chopaconline-20">http://www.amazon.com/exec/obidos/ASIN/0071238263/chopaconline-20</a> |
| 942 ## - ADDED ENTRY ELEMENTS (KOHA) | |
| Institution code [OBSOLETE] | NBS |
| Koha item type | Book |
| Call number prefix | 174.4 HAR |
| Withdrawn status | Lost status | Damaged status | Not for loan | Permanent Location | Current Location | Date acquired | Total Checkouts | Full call number | Barcode | Date last seen | Price effective from | Koha item type |
|---|---|---|---|---|---|---|---|---|---|---|---|---|
| Central Library (CL) | Central Library (CL) | 08/28/2013 | 174.4 HAR | NBS6749 | 10/02/2020 | 08/28/2013 | Book |
